Automatizácia, elektronizácia, robotizácia a pružné výrobné systémy : Celoštátna konferencia

Na minha lista:
Detalhes bibliográficos
Formato: Livro
Idioma:eslovaco
Publicado em: Bratislava : Dom techniky ČSVTS, 1988
Edição:1.vyd.
Assuntos:
Tags: Adicionar Tag
Sem tags, seja o primeiro a adicionar uma tag!

MARC

LEADER 00000nam a22000003a 4500
001 stu8201
005 20150408162627.3
008 951030s1988----xo------------------slo-d
040 |a STU  |b slo 
041 0 |a slo 
044 |a xo 
080 |a 681.51.01 
080 |a 658.5.011.56 
080 |a 681.322.06 
080 |a 061.3(08) 
245 |a Automatizácia, elektronizácia, robotizácia a pružné výrobné systémy :  |b Celoštátna konferencia 
250 |a 1.vyd. 
260 |a Bratislava :  |b Dom techniky ČSVTS,  |c 1988 
300 |a 77 s 
650 7 |a technická kybernetika  |2 stusub 
650 7 |a ASR  |2 stusub 
650 7 |a počítačové riadenie  |2 stusub 
996 |b 284J016666  |c J*76444  |l JJSK  |s A  |a 24  |w stu8201_0001